[Event "Migoya Memorial tt"]
[Site "Camaguey"]
[Date "2018.09.25"]
[Round "5.2"]
[White "Torres Acosta, Luis Daniel"]
[Black "Sotolongo Lezcano, Javier"]
[Result "0-1"]
[WhiteElo "2054"]
[BlackElo "1971"]
[PlyCount "96"]
[EventDate "2018.09.20"]
[EventType "team-tourn"]
[EventRounds "10"]
[EventCountry "CUB"]
[SourceTitle "EXT 2021"]
[Source "ChessBase"]
[SourceDate "2020.10.23"]
[SourceVersion "1"]
[SourceVersionDate "2020.10.23"]
[SourceQuality "1"]

1. e4 e5 2. Nf3 Nc6 3. Bb5 a6 4. Ba4 Nf6 5. 0-0 b5 6. Bb3 Be7 7. Re1 d6 8. c3 0-0 9. h3 Na5 10. Bc2 c5 11. d4 Nd7 12. d5 Nb6 13. Nbd2 Nb7 14. Nf1 a5 15. Ng3 b4 16. Nh2 Bg5 17. Qh5 Bxc1 18. Raxc1 c4 19. Re3 Nc5 20. Rd1 b3 21. Bb1 a4 22. a3 Nbd7 23. Qe2 Nb6 24. Qh5 Ncd7 25. Nf5 Nf6 26. Qf3 Bxf5 27. Qxf5 g6 28. Qg5 Nh5 29. Qh6 Qf6 30. Rf3 Qg7 31. Qe3 Nd7 32. Ng4 Ra5 33. g3 Rc5 34. Qg5 f6 35. Qd2 Kf7 36. Ne3 Ke8 37. Qe2 Nb6 38. Qd2 Kd8 39. Ng2 g5 40. Ne3 Qg6 41. Nf5 Kd7 42. Qe2 Ng7 43. Ne3 h5 44. Ng2 g4 45. Nh4 gxf3 46. Nxg6 fxe2 47. Nxf8+ Ke8 48. Re1 Kxf8 0-1

[Event "CUB Province-chT Schools 54th"]
[Site "Santa Clara"]
[Date "2018.07.15"]
[Round "5.3"]
[White "Torres Acosta, Luis Daniel"]
[Black "Rodriguez Basulto, Reyson Ricardo"]
[Result "1-0"]
[WhiteElo "1955"]
[BlackElo "1935"]
[PlyCount "79"]
[EventDate "2018.07.13"]
[EventType "team-swiss"]
[EventRounds "9"]
[EventCountry "CUB"]
[SourceTitle "CBM 195 Extra"]
[Source "ChessBase"]
[SourceDate "2020.05.31"]
[SourceVersion "1"]
[SourceVersionDate "2020.05.31"]
[SourceQuality "1"]
[WhiteTeam "Camaguey"]
[BlackTeam "Holguin"]
[WhiteTeamCountry "CUB"]
[BlackTeamCountry "CUB"]

1. e4 c5 2. Nf3 d6 3. d4 cxd4 4. Nxd4 Nf6 5. Nc3 a6 6. Bg5 e6 7. f4 h6 8. Bh4 Qb6 9. a3 Be7 10. Bf2 Qc7 11. Qf3 Nbd7 12. 0-0-0 b5 13. g4 Bb7 14. h4 d5 15. e5 Ne4 16. Be1 Rc8 17. Bd3 Nxc3 18. Bxc3 Bxa3 19. Kb1 Bc5 20. b3 Ba3 21. Ba1 Bb4 22. Rh3 Qb8 23. g5 Ke7 24. g6 f5 25. Bxf5 exf5 26. Nxf5+ Kd8 27. e6 Nf6 28. Nxg7 Ke7 29. Be5 Qa8 30. Nf5+ Kxe6 31. Nd4+ Ke7 32. Bxf6+ Kxf6 33. Qg4 Ke7 34. Qe6+ Kd8 35. g7 Kc7 36. gxh8Q Rxh8 37. Rg3 Rh7 38. Rdg1 Qh8 39. Qe5+ Bd6 40. Rg7+ 1-0

[Event "CUB Province-chT Schools 54th"]
[Site "Santa Clara"]
[Date "2018.07.15"]
[Round "6.3"]
[White "Torres Acosta, Luis Daniel"]
[Black "Zamora Pena, Norbel"]
[Result "1/2-1/2"]
[WhiteElo "1955"]
[BlackElo "1853"]
[PlyCount "100"]
[EventDate "2018.07.13"]
[EventType "team-swiss"]
[EventRounds "9"]
[EventCountry "CUB"]
[SourceTitle "CBM 195 Extra"]
[Source "ChessBase"]
[SourceDate "2020.05.31"]
[SourceVersion "1"]
[SourceVersionDate "2020.05.31"]
[SourceQuality "1"]
[WhiteTeam "Camaguey"]
[BlackTeam "Santiago de Cuba"]
[WhiteTeamCountry "CUB"]
[BlackTeamCountry "CUB"]

1. e4 c5 2. Nf3 Nc6 3. d4 cxd4 4. Nxd4 d6 5. c4 Nf6 6. Nc3 g6 7. Be2 Bg7 8. Be3 0-0 9. 0-0 Nxd4 10. Bxd4 Be6 11. Qd2 Qa5 12. Rad1 Rfc8 13. b3 a6 14. Bxf6 Bxf6 15. Nd5 Qxd2 16. Nxf6+ Kg7 17. Nh5+ gxh5 18. Rxd2 Rc5 19. f4 f5 20. exf5 Bf7 21. Bd3 Kf6 22. Re1 Rd8 23. Rde2 Rd7 24. g3 Rc8 25. h3 Rg8 26. Kf2 h6 27. Be4 Rc7 28. a4 b5 29. axb5 axb5 30. cxb5 d5 31. Bd3 Rc3 32. Rd2 Rxb3 33. Rb1 Rxb1 34. Bxb1 Rb8 35. Bd3 e5 36. fxe5+ Kxe5 37. Rb2 Kd4 38. Ke2 Be8 39. Kd2 Bd7 40. b6 Ke5 41. g4 hxg4 42. hxg4 Bc6 43. Ba6 h5 44. gxh5 Kxf5 45. Kd3 Rh8 46. Rc2 Rh6 47. Kd4 Kg5 48. Rxc6 Rxc6 49. b7 Rb6 50. Kc5 Rxb7 1/2-1/2

[Event "CUB Province-chT Schools 54th"]
[Site "Santa Clara"]
[Date "2018.07.14"]
[Round "4.3"]
[White "Ramos Silvera, Roberto Alejandro"]
[Black "Torres Acosta, Luis Daniel"]
[Result "1-0"]
[WhiteElo "2103"]
[BlackElo "1955"]
[PlyCount "51"]
[EventDate "2018.07.13"]
[EventType "team-swiss"]
[EventRounds "9"]
[EventCountry "CUB"]
[SourceTitle "CBM 195 Extra"]
[Source "ChessBase"]
[SourceDate "2020.05.31"]
[SourceVersion "1"]
[SourceVersionDate "2020.05.31"]
[SourceQuality "1"]
[WhiteTeam "Matanzas"]
[BlackTeam "Camaguey"]
[WhiteTeamCountry "CUB"]
[BlackTeamCountry "CUB"]

1. e4 c5 2. Nf3 g6 3. d4 cxd4 4. Nxd4 Bg7 5. Nc3 Nc6 6. Be3 Nf6 7. Bc4 d6 8. h3 0-0 9. Bb3 Qa5 10. 0-0 Bd7 11. Re1 Nxd4 12. Bxd4 Be6 13. Nd5 Bxd5 14. exd5 Rfe8 15. c4 a6 16. Bc3 Qc7 17. Rc1 Nh5 18. Bxg7 Nxg7 19. Ba4 Red8 20. b4 e6 21. a3 Rac8 22. Qd4 Nf5 23. Qf6 exd5 24. g4 Nh6 25. Re7 Qb8 26. g5 1-0

[Event "Capablanca Memorial U15 2nd"]
[Site "Havana"]
[Date "2018.05.18"]
[Round "6"]
[White "Torres Acosta, Luis Daniel"]
[Black "Rodriguez Rodriguez, Daniel"]
[Result "1/2-1/2"]
[WhiteElo "1922"]
[BlackElo "2189"]
[PlyCount "106"]
[EventDate "2018.05.14"]
[EventType "swiss"]
[EventRounds "7"]
[EventCountry "CUB"]
[SourceTitle "EXT 2021"]
[Source "ChessBase"]
[SourceDate "2020.10.23"]
[SourceVersion "1"]
[SourceVersionDate "2020.10.23"]
[SourceQuality "1"]

1. e4 c5 2. Nf3 e6 3. d4 cxd4 4. Nxd4 a6 5. Bd3 Nf6 6. 0-0 Qc7 7. Qe2 d6 8. c4 g6 9. Nc3 Bg7 10. Be3 0-0 11. f4 Nc6 12. Rac1 Nd7 13. Nf3 b6 14. Kh1 Bb7 15. Qf2 Nc5 16. Bb1 Bxc3 17. Rxc3 f6 18. f5 e5 19. fxg6 hxg6 20. Nh4 Qh7 21. Bxc5 dxc5 22. Nxg6 Qxg6 23. Rg3 Qxg3 24. Qxg3+ Kf7 25. Qh3 Ke7 26. Rf3 Rad8 27. Rd3 Nd4 28. Qh7+ Rf7 29. Qg6 Rh8 30. Rg3 Bc8 31. Bd3 Ne6 32. Qg4 Rfh7 33. h3 Nf4 34. Qf3 Nh5 35. Rg6 Kf7 36. Rg4 Bxg4 37. Qxg4 Rd8 38. Bf1 Nf4 39. g3 Rg7 40. Qf3 Ne6 41. Qb3 Rd6 42. Be2 Rh7 43. h4 Nd4 44. Qd1 Ke7 45. Bg4 Rd8 46. Qa4 a5 47. Kh2 Rd6 48. Kh3 Ne6 49. Bf5 Rg7 50. Bg4 Rd3 51. Bxe6 Rgxg3+ 52. Kh2 Kxe6 53. Qe8+ Kd6 1/2-1/2

[Event "Capablanca Memorial U15 2nd"]
[Site "Havana"]
[Date "2018.05.17"]
[Round "5"]
[White "Torres Acosta, Luis Daniel"]
[Black "Perez Sanchez, David"]
[Result "1-0"]
[WhiteElo "1922"]
[BlackElo "1756"]
[PlyCount "73"]
[EventDate "2018.05.14"]
[EventType "swiss"]
[EventRounds "7"]
[EventCountry "CUB"]
[SourceTitle "EXT 2021"]
[Source "ChessBase"]
[SourceDate "2020.10.23"]
[SourceVersion "1"]
[SourceVersionDate "2020.10.23"]
[SourceQuality "1"]

1. e4 e6 2. d4 d5 3. Nc3 Bb4 4. e5 c5 5. a3 Bxc3+ 6. bxc3 Qc7 7. Qg4 Ne7 8. Qxg7 Rg8 9. Qxh7 cxd4 10. Ne2 dxc3 11. f4 Nbc6 12. Qd3 d4 13. h4 Nf5 14. h5 Bd7 15. h6 0-0-0 16. h7 Rh8 17. g4 Nfe7 18. Bg2 Kb8 19. Rb1 Bc8 20. Ng3 Ng6 21. Ne4 Qe7 22. Ng5 Ka8 23. Be4 Nf8 24. Qb5 a6 25. Qb6 Nd7 26. Qc7 Nc5 27. Qxe7 Nxe7 28. Nxf7 Rdf8 29. Nxh8 Rxh8 30. Bf3 Ng6 31. Rh6 Ne7 32. f5 exf5 33. Bg5 fxg4 34. Bxe7 d3 35. Bxc5 d2+ 36. Kf2 gxf3 37. e6 1-0

[Event "Bayamo Cespedes tt"]
[Site "Bayamo"]
[Date "2018.03.06"]
[Round "10.3"]
[White "Torres Acosta, Luis Daniel"]
[Black "Sariol Ramirez, Armando"]
[Result "1-0"]
[WhiteElo "1886"]
[BlackElo "1886"]
[PlyCount "27"]
[EventDate "2018.03.01"]
[EventType "team-tourn"]
[EventRounds "10"]
[EventCountry "CUB"]
[EventCategory "1"]
[SourceTitle "CBM 195 Extra"]
[Source "ChessBase"]
[SourceDate "2020.05.31"]
[SourceVersion "1"]
[SourceVersionDate "2020.05.31"]
[SourceQuality "1"]

1. e4 c5 2. Nf3 d6 3. d4 cxd4 4. Nxd4 Nf6 5. Nc3 a6 6. Bg5 e6 7. f4 Be7 8. Qf3 Qc7 9. 0-0-0 b5 10. Bxf6 gxf6 11. a3 Bb7 12. Qh5 0-0 13. Rd3 Rc8 14. Qh6 1-0

[Event "Bayamo Cespedes tt"]
[Site "Bayamo"]
[Date "2018.03.03"]
[Round "5.3"]
[White "Sariol Ramirez, Armando"]
[Black "Torres Acosta, Luis Daniel"]
[Result "1/2-1/2"]
[WhiteElo "1886"]
[BlackElo "1886"]
[PlyCount "73"]
[EventDate "2018.03.01"]
[EventType "team-tourn"]
[EventRounds "10"]
[EventCountry "CUB"]
[EventCategory "1"]
[SourceTitle "CBM 195 Extra"]
[Source "ChessBase"]
[SourceDate "2020.05.31"]
[SourceVersion "1"]
[SourceVersionDate "2020.05.31"]
[SourceQuality "1"]

1. e4 c5 2. Nf3 g6 3. Bc4 Bg7 4. d3 Nc6 5. a3 d6 6. 0-0 Nf6 7. Nc3 0-0 8. h3 a6 9. Bg5 b5 10. Ba2 Rb8 11. Qd2 a5 12. Bh6 b4 13. Ne2 e6 14. Bxg7 Kxg7 15. Nh2 d5 16. Qe3 Qd6 17. f4 e5 18. f5 Nd4 19. Rac1 dxe4 20. dxe4 Ba6 21. Ng3 Bxf1 22. Rxf1 Nxc2 23. Qg5 h6 24. Qh4 g5 25. Nh5+ Kh8 26. Qf2 Nxh5 27. Qxc2 Qd4+ 28. Rf2 Rbd8 29. Bd5 Nf4 30. Ng4 Nd3 31. Qe2 Nxf2 32. Nxf2 Rxd5 33. exd5 Qxd5 34. Qh5 Qd6 35. Ng4 Qd1+ 36. Kh2 f6 37. Qxh6+ 1/2-1/2

[Event "Bayamo Cespedes tt"]
[Site "Bayamo"]
[Date "2018.03.02"]
[Round "3.2"]
[White "Rodriguez Basulto, Reyson Ricardo"]
[Black "Torres Acosta, Luis Daniel"]
[Result "1-0"]
[WhiteElo "1911"]
[BlackElo "1886"]
[PlyCount "55"]
[EventDate "2018.03.01"]
[EventType "team-tourn"]
[EventRounds "10"]
[EventCountry "CUB"]
[EventCategory "1"]
[SourceTitle "CBM 195 Extra"]
[Source "ChessBase"]
[SourceDate "2020.05.31"]
[SourceVersion "1"]
[SourceVersionDate "2020.05.31"]
[SourceQuality "1"]

1. e4 c5 2. Nf3 g6 3. d4 Bg7 4. Nc3 cxd4 5. Nxd4 Nc6 6. Be3 Nf6 7. Bc4 d6 8. Bb3 Ng4 9. Nxc6 bxc6 10. Bf4 0-0 11. h3 Ne5 12. 0-0 Ba6 13. Re1 Qa5 14. Qd2 Rfb8 15. Bg5 Rb7 16. Bh6 Nc4 17. Bxc4 Bxh6 18. Qxh6 Bxc4 19. e5 d5 20. Rad1 Qd8 21. b3 Ba6 22. Ne4 Kh8 23. Ng5 Qg8 24. e6 fxe6 25. Nxe6 Rb6 26. Nc7 Rc8 27. Rxe7 Rb7 28. Qh4 1-0

[Event "CUB School-chT"]
[Site "Santa Clara"]
[Date "2017.07.13"]
[Round "2.6"]
[White "Gallo Garcia, Kemel Antonio"]
[Black "Torres Acosta, Luis Daniel"]
[Result "1-0"]
[WhiteElo "1975"]
[BlackElo "1999"]
[PlyCount "99"]
[EventDate "2017.07.13"]
[EventType "team-swiss"]
[EventRounds "9"]
[EventCountry "CUB"]
[SourceTitle "EXT 2023"]
[Source "ChessBase"]
[SourceDate "2022.10.05"]
[SourceVersion "1"]
[SourceVersionDate "2022.10.05"]
[SourceQuality "1"]

1. d4 Nf6 2. c4 e6 3. Nc3 Bb4 4. e3 0-0 5. Nge2 b6 6. a3 Bxc3+ 7. Nxc3 Bb7 8. Bd3 d5 9. 0-0 Nbd7 10. cxd5 exd5 11. b4 Ne4 12. Qb3 Ndf6 13. f3 Nxc3 14. Qxc3 Re8 15. Bd2 Re6 16. Rac1 Ne8 17. Bf5 Re7 18. Qc2 h6 19. Qb1 Nd6 20. Bh7+ Kh8 21. Bd3 Qd7 22. b5 a6 23. a4 axb5 24. axb5 Ra7 25. Rc3 Nc8 26. Qb4 Qd6 27. Qxd6 Nxd6 28. Rfc1 Ne8 29. Kf2 Rd7 30. Ke2 Rd8 31. Be1 Rd7 32. Bg3 Ba8 33. Bf5 Re7 34. R1c2 Kg8 35. Bh4 g5 36. Bg3 Kg7 37. h4 Kf6 38. Bd3 Ke6 39. Be5 f5 40. Bh2 Nd6 41. hxg5 hxg5 42. g4 Kd7 43. Bg3 Re8 44. Bxf5+ Nxf5 45. Rxc7+ Rxc7 46. Rxc7+ Ke6 47. gxf5+ Kxf5 48. Ra7 g4 49. fxg4+ Kxg4 50. Bc7 1-0